[Event "ch-CHN 2017"]
[Site "Xinghua CHN"]
[Date "2017.04.23"]
[Round "1.1"]
[White "Wen, Yang"]
[Black "Zhou, Jianchao"]
[Result "0-1"]
[WhiteTitle "GM"]
[BlackTitle "GM"]
[WhiteElo "2613"]
[BlackElo "2613"]
[WhiteFideId "8602956"]
[BlackFideId "8603537"]
[EventDate "2017.04.23"]

1. d4 Nf6 2. Bf4 d5 3. e3 Bg4 4. f3 Bd7 5. c3 e6 6. Bg3 Bd6 7. Nd2 Nc6 8. Bxd6
cxd6 9. Nh3 e5 10. Nf2 Ne7 11. Bd3 Nf5 12. Bxf5 Bxf5 13. Qa4+ Qd7 14. Qxd7+ Nxd7
15. O-O-O O-O-O 16. Rhe1 f6 17. b3 Kc7 18. Kb2 b5 19. Nf1 Nb6 20. Ng3 Bg6 21. h4
h5 22. f4 Rhe8 23. f5 Bf7 24. Rf1 Rg8 25. Rd2 g5 26. fxg6 Bxg6 27. Nfh1 Rdf8 28.
Nf5 Kd7 29. Nhg3 Bxf5 30. Nxf5 Rg4 31. Kc2 Ke6 32. Rdf2 Nc8 33. e4 dxe4 34. d5+
Kd7 35. Ne3 Rg6 36. g4 hxg4 37. h5 Rg5 38. Rxf6 Rxf6 39. Rxf6 g3 40. Rg6 Rxg6
41. hxg6 Ke8 42. Kd2 Ne7 43. Ke1 Nxg6 44. Nf5 g2 45. Kf2 Kd7 0-1

[Event "ch-CHN 2017"]
[Site "Xinghua CHN"]
[Date "2017.04.23"]
[Round "1.2"]
[White "Bai, Jinshi"]
[Black "Wang, Chen"]
[Result "0-1"]
[WhiteTitle "GM"]
[BlackTitle "IM"]
[WhiteElo "2585"]
[BlackElo "2505"]
[WhiteFideId "8602280"]
[BlackFideId "8601020"]
[EventDate "2017.04.23"]

1. d4 Nf6 2. c4 e6 3. Nc3 d5 4. Nf3 Nbd7 5. g3 c6 6. Bg2 dxc4 7. a4 a5 8. O-O
Be7 9. e4 O-O 10. Qe2 b6 11. Rd1 Ba6 12. Bf4 Re8 13. Qc2 Qc8 14. Rac1 h6 15. b3
Bb4 16. Nd2 e5 17. dxe5 Nxe5 18. Nxc4 Bxc4 19. bxc4 Ba3 20. Ra1 Bc5 21. h3 Nxc4
22. Ne2 Ne5 23. Nd4 Ng6 24. Be3 Qc7 25. Nf5 Bxe3 26. Nxe3 Rad8 27. f4 Nxf4 28.
gxf4 Qxf4 29. Nf1 c5 30. Rxd8 Rxd8 31. Rb1 Rd4 32. Rxb6 Nxe4 33. Rb5 f5 34. Rxa5
c4 35. Ra8+ Kh7 36. a5 c3 37. Bxe4 Rxe4 38. Rf8 Re1 39. Qd3 c2 40. Rxf5 Rxf1+
41. Qxf1 Qe3+ 0-1

[Event "ch-CHN 2017"]
[Site "Xinghua CHN"]
[Date "2017.04.23"]
[Round "1.4"]
[White "Xu, Minghui"]
[Black "Xu, Yinglun"]
[Result "1/2-1/2"]
[WhiteElo "2283"]
[BlackElo "2557"]
[WhiteFideId "8606790"]
[BlackFideId "8604940"]
[EventDate "2017.04.23"]

1. d4 d5 2. c4 e6 3. Nc3 Be7 4. Nf3 Nf6 5. Bf4 O-O 6. e3 b6 7. cxd5 Nxd5 8. Nxd5
exd5 9. Be2 c5 10. O-O Nc6 11. dxc5 bxc5 12. Rc1 Be6 13. Ne5 Nxe5 14. Bxe5 Qd7
15. Qd2 a5 16. Rfd1 Rfd8 17. Qc3 f6 18. Bg3 Ra7 19. Qc2 Kh8 20. Bd3 Bg8 21. a4
Qe6 22. Bb5 Bf7 23. Qd2 Qb6 24. Qe2 Bf8 25. Rd2 Re7 26. Rcd1 d4 27. Qd3 Bh5 28.
f3 Bg6 29. e4 Be8 30. Bxe8 Rdxe8 31. Rb1 Rb7 32. b3 Rc8 33. Rc2 Re8 1/2-1/2

[Event "ch-CHN 2017"]
[Site "Xinghua CHN"]
[Date "2017.04.23"]
[Round "1.5"]
[White "Lu, Shanglei"]
[Black "Fang, Yan"]
[Result "1-0"]
[WhiteTitle "GM"]
[WhiteElo "2620"]
[BlackElo "2447"]
[WhiteFideId "8603332"]
[BlackFideId "8604746"]
[EventDate "2017.04.23"]

1. e4 c6 2. Nc3 d5 3. Nf3 dxe4 4. Nxe4 Nf6 5. Qe2 Nxe4 6. Qxe4 Qd5 7. Qh4 Bf5 8.
Bc4 Qd6 9. d3 e6 10. Bf4 Qb4+ 11. Bd2 Qxb2 12. O-O b5 13. Rab1 Qa3 14. Nd4 Be7
15. Qg3 O-O 16. Nxf5 exf5 17. Bb3 Qd6 18. Qf3 Qf6 19. a4 Nd7 20. Rfe1 Bc5 21.
axb5 cxb5 22. Qd5 Qd6 23. Qxf5 Qf6 24. Qxf6 Nxf6 25. Ba2 Rac8 26. Re2 Bb6 27.
Be3 Bxe3 28. fxe3 a6 29. e4 Nd7 30. e5 Nc5 31. Rf1 Rc7 32. Ref2 Re7 33. Rf3 b4
34. d4 Ne6 35. Rd3 Rc8 36. d5 Nd8 37. e6 fxe6 38. dxe6 g6 39. Rd7 Nc6 40. Bd5 1-0

[Event "ch-CHN 2017"]
[Site "Xinghua CHN"]
[Date "2017.04.23"]
[Round "1.6"]
[White "Zeng, Chongsheng"]
[Black "Gao, Rui"]
[Result "1/2-1/2"]
[WhiteTitle "GM"]
[BlackTitle "GM"]
[WhiteElo "2536"]
[BlackElo "2543"]
[WhiteFideId "8603847"]
[BlackFideId "8602387"]
[EventDate "2017.04.23"]

1. d4 Nf6 2. Nc3 d5 3. Bf4 g6 4. Qd2 Bg7 5. Bh6 O-O 6. Bxg7 Kxg7 7. O-O-O c5 8.
e3 cxd4 9. exd4 Nc6 10. f3 Qa5 11. Kb1 Bd7 12. Nge2 b5 13. Nf4 b4 14. Nce2 Rfc8
15. Nc1 h5 16. g3 Bf5 17. Bh3 Bxh3 18. Nxh3 Qb6 19. Nf4 a5 20. Rhe1 a4 21. Re3
Ra7 22. Nce2 Na5 23. b3 Rac7 24. Rc1 axb3 25. cxb3 Rxc1+ 26. Nxc1 Nc6 27. Nce2
e6 28. h3 Ne7 29. g4 hxg4 30. hxg4 Rh8 31. Qc1 Ne8 32. Nd3 Nc7 33. f4 Nb5 34.
Nxb4 Qa5 35. Qc5 Rc8 36. Qxe7 Rc7 37. Qxc7 Nxc7 38. Nc2 Qd2 39. Kb2 Nb5 40. a4
Na3 41. Kxa3 Qxc2 42. g5 Qd2 43. Re5 Kf8 44. b4 Qd3+ 45. Kb2 Qc4 46. Ka3 Qd3+
47. Kb2 Ke7 48. Ka2 Kd7 49. Kb2 Qd2+ 50. Kb3 Qd1+ 51. Ka3 Qa1+ 52. Kb3 Qd1+ 53.
Ka3 Qa1+ 54. Kb3 Qb1+ 55. Ka3 Qd3+ 56. Kb2 Kc7 57. Ka2 Kd8 58. Kb2 Ke7 59. Ka2
Qc2+ 60. Ka3 1/2-1/2

[Event "ch-CHN 2017"]
[Site "Xinghua CHN"]
[Date "2017.04.24"]
[Round "2.1"]
[White "Zhou, Jianchao"]
[Black "Gao, Rui"]
[Result "1-0"]
[WhiteTitle "GM"]
[BlackTitle "GM"]
[WhiteElo "2613"]
[BlackElo "2543"]
[WhiteFideId "8603537"]
[BlackFideId "8602387"]
[EventDate "2017.04.23"]

1. Nf3 Nf6 2. c4 g6 3. Nc3 d5 4. cxd5 Nxd5 5. h4 Bg7 6. e4 Nxc3 7. dxc3 Qxd1+ 8.
Kxd1 Nd7 9. Nd4 h5 10. Kc2 c6 11. f3 Bh6 12. Bxh6 Rxh6 13. b4 Rh8 14. a4 e5 15.
Nb3 Ke7 16. a5 Rd8 17. Bc4 Nf8 18. Nc5 Rb8 19. Rhb1 Ne6 20. Nd3 Nf4 21. Nxf4
exf4 22. b5 Be6 23. Bxe6 Kxe6 24. bxc6 bxc6 25. a6 Ra8 26. Rb7 Rd6 27. Rd1 Rxd1
28. Kxd1 f5 29. Ke2 Ke5 30. Re7+ Kf6 31. Rc7 Ke5 32. Rxc6 Rb8 33. Rxg6 Rb2+ 34.
Kd3 1-0

[Event "ch-CHN 2017"]
[Site "Xinghua CHN"]
[Date "2017.04.24"]
[Round "2.2"]
[White "Fang, Yan"]
[Black "Zeng, Chongsheng"]
[Result "0-1"]
[BlackTitle "GM"]
[WhiteElo "2447"]
[BlackElo "2536"]
[WhiteFideId "8604746"]
[BlackFideId "8603847"]
[EventDate "2017.04.23"]

1. e4 d5 2. exd5 Qxd5 3. Nc3 Qd6 4. d4 Nf6 5. Nf3 a6 6. h3 g6 7. Bd3 Bg7 8. O-O
O-O 9. Re1 c5 10. dxc5 Qxc5 11. Be3 Qc7 12. Qd2 Nc6 13. Bh6 Rd8 14. Bxg7 Kxg7
15. Ne4 Nd5 16. Bc4 Nf4 17. Qc3+ f6 18. Bb3 Nd5 19. Qc4 e5 20. Rad1 Be6 21. Nc5
Bf7 22. Qg4 Qe7 23. Na4 Nf4 24. Nb6 h5 25. Qd7 Rxd7 26. Rxd7 Qxd7 27. Nxd7 Bxb3
28. axb3 Nb4 29. c3 Nbd3 30. Rd1 Nxb2 31. Rd6 b5 32. Rxf6 Nbd3 33. Rb6 e4 34.
Nfe5 Re8 35. Rb7 Nxe5 36. Nxe5+ Kf6 37. Nd7+ Kf5 38. Nc5 e3 39. fxe3 Rxe3 40.
Rf7+ Kg5 41. Kf2 Re8 42. Kf3 Ne6 43. Nxe6+ Rxe6 44. Rc7 Rf6+ 45. Kg3 h4+ 46. Kh2
Kf4 47. c4 b4 48. Rb7 a5 49. Rb5 Rf5 50. Rb6 g5 51. g3+ Ke3 52. Rb5 Ke4 53. gxh4
gxh4 54. c5 Kd4 55. Rxa5 Rxc5 56. Ra7 Kc3 57. Rh7 Kxb3 58. Rxh4 Kc3 59. Rf4 b3
60. Kg3 b2 61. Rf1 Rc4 0-1

[Event "ch-CHN 2017"]
[Site "Xinghua CHN"]
[Date "2017.04.24"]
[Round "2.3"]
[White "Xu, Yinglun"]
[Black "Lu, Shanglei"]
[Result "1/2-1/2"]
[BlackTitle "GM"]
[WhiteElo "2557"]
[BlackElo "2620"]
[WhiteFideId "8604940"]
[BlackFideId "8603332"]
[EventDate "2017.04.23"]

1. d4 Nf6 2. c4 e6 3. Nc3 d5 4. Bg5 c6 5. e3 Nbd7 6. cxd5 exd5 7. Bd3 Be7 8. Nf3
b6 9. O-O Bb7 10. Qc2 O-O 11. Rad1 h6 12. Bh4 Re8 13. Rfe1 Ne4 14. Bxe4 Bxh4 15.
Bh7+ Kh8 16. Nxh4 Qxh4 17. Bd3 Rad8 18. Qa4 a5 19. g3 Qe7 20. a3 Qd6 21. Qb3 b5
22. e4 dxe4 23. Nxe4 Qf8 24. Qc2 Nb8 25. Nc5 Bc8 26. Qc3 Bg4 27. Rxe8 Rxe8 28.
Re1 a4 29. Rxe8 Qxe8 30. Be4 Na6 1/2-1/2

[Event "ch-CHN 2017"]
[Site "Xinghua CHN"]
[Date "2017.04.24"]
[Round "2.5"]
[White "Wang, Chen"]
[Black "Xu, Yi"]
[Result "1/2-1/2"]
[WhiteTitle "IM"]
[BlackTitle "IM"]
[WhiteElo "2505"]
[BlackElo "2454"]
[WhiteFideId "8601020"]
[BlackFideId "8605564"]
[EventDate "2017.04.23"]

1. d4 Nf6 2. Bg5 d5 3. e3 c5 4. c3 Qb6 5. Qb3 c4 6. Qc2 Ne4 7. Bf4 g5 8. Bg3 Bf5
9. Qc1 Nc6 10. Nd2 Nxg3 11. hxg3 e5 12. dxe5 Nxe5 13. Ngf3 Nd3+ 14. Bxd3 Bxd3
15. Ne5 Bf5 16. g4 Be6 17. Qc2 Bg7 18. Qa4+ Ke7 19. Qa3+ Qd6 20. Qxd6+ Kxd6 21.
Nef3 h6 22. O-O-O Kc7 23. Nh2 f5 24. gxf5 Bxf5 25. Ndf3 Be4 26. Nd4 Bxd4 27.
Rxd4 Bxg2 28. Rg1 Be4 29. f3 Bd3 30. Rxd5 Rad8 31. Rxd8 Rxd8 32. Ng4 Rf8 1/2-1/2

[Event "ch-CHN 2017"]
[Site "Xinghua CHN"]
[Date "2017.04.24"]
[Round "2.6"]
[White "Wen, Yang"]
[Black "Bai, Jinshi"]
[Result "1/2-1/2"]
[WhiteTitle "GM"]
[BlackTitle "GM"]
[WhiteElo "2613"]
[BlackElo "2585"]
[WhiteFideId "8602956"]
[BlackFideId "8602280"]
[EventDate "2017.04.23"]

1. e4 e5 2. Nf3 Nf6 3. d4 Nxe4 4. dxe5 d5 5. Nbd2 Be7 6. Nxe4 dxe4 7. Qxd8+ Bxd8
8. Nd4 Nd7 9. Bf4 O-O 10. O-O-O c6 11. e6 Nb6 12. Bd6 Bg5+ 13. Kb1 Re8 14. exf7+
Kxf7 15. Be2 Bf6 16. Rhe1 g6 17. Nb3 Na4 18. c3 Kg7 19. Nd4 h5 20. h3 Nb6 21.
Rg1 Nd5 22. Bc4 Bd7 23. Nc2 Be6 24. Bxd5 Bxd5 25. Ne3 Be6 26. Bc5 b6 27. Bd4
Rad8 28. b3 c5 29. Bxf6+ Kxf6 30. Kc2 h4 31. Rge1 1/2-1/2

[Event "ch-CHN 2017"]
[Site "Xinghua CHN"]
[Date "2017.04.25"]
[Round "3.1"]
[White "Bai, Jinshi"]
[Black "Zhou, Jianchao"]
[Result "1-0"]
[WhiteTitle "GM"]
[BlackTitle "GM"]
[WhiteElo "2585"]
[BlackElo "2613"]
[WhiteFideId "8602280"]
[BlackFideId "8603537"]
[EventDate "2017.04.23"]

1. d4 Nf6 2. c4 e6 3. g3 c5 4. Nf3 cxd4 5. Nxd4 Qc7 6. Nc3 a6 7. Bg2 Qxc4 8. O-O
Nc6 9. Nb3 Qg4 10. Bf4 e5 11. Be3 d6 12. h3 Qg6 13. Na5 Nxa5 14. Qa4+ Bd7 15.
Qxa5 e4 16. g4 h6 17. f4 exf3 18. exf3 Be7 19. f4 O-O 20. f5 Qh7 21. Bxb7 Rab8
22. Qc7 Rfd8 23. Nd5 Nxd5 24. Bxd5 Bf6 25. Rae1 g6 26. Qxd6 Bb5 27. Qxf6 Rxd5
28. Rd1 Rxd1 29. Rxd1 Qg7 30. Qd6 Re8 31. Bd4 f6 32. Bxf6 Qf7 33. Bc3 Kh7 34.
fxg6+ Qxg6 35. Qxg6+ Kxg6 36. Rd6+ Kg5 37. Kf2 h5 38. Rd5+ Kf4 39. Rf5+ Ke4 40.
Rxh5 Rf8+ 41. Kg3 Rf3+ 42. Kh4 Bf1 43. Re5+ Kd3 44. g5 Rxh3+ 45. Kg4 Re3 46.
Rxe3+ Kxe3 47. Kf5 Bc4 48. a3 Bb3 49. g6 Kf3 50. g7 Kg3 51. Kg6 Bg8 52. Kf6 1-0

[Event "ch-CHN 2017"]
[Site "Xinghua CHN"]
[Date "2017.04.25"]
[Round "3.2"]
[White "Xu, Yi"]
[Black "Wen, Yang"]
[Result "0-1"]
[WhiteTitle "IM"]
[BlackTitle "GM"]
[WhiteElo "2454"]
[BlackElo "2613"]
[WhiteFideId "8605564"]
[BlackFideId "8602956"]
[EventDate "2017.04.23"]

1. e4 c5 2. Nf3 Nc6 3. Bb5 g6 4. Bxc6 bxc6 5. O-O Bg7 6. Re1 Nf6 7. e5 Nd5 8. c4
Nc7 9. d4 cxd4 10. Qxd4 Ne6 11. Qh4 d6 12. exd6 Qxd6 13. Nc3 h5 14. Bd2 O-O 15.
Ne4 Qc7 16. Bc3 f6 17. Qg3 Qxg3 18. hxg3 Rd8 19. Ba5 Rd3 20. Rad1 Rxd1 21. Rxd1
c5 22. Nc3 Kf7 23. Nd5 Bb7 24. Re1 Bf8 25. Rd1 Rc8 26. b3 g5 27. Bc3 Bc6 28. a3
Ng7 29. Ne3 e5 30. b4 Ba4 31. Rb1 Ne6 32. b5 Nd4 33. Kf1 Be7 34. Rb2 Bd8 35. Nd2
Ke6 36. f4 gxf4 37. gxf4 exf4 38. Nd5 Nxb5 39. Nxf4+ Kf5 40. cxb5 Kxf4 41. Nc4
Rb8 42. Nd6 Ke3 43. Re2+ Kd3 44. Be1 Bc7 45. Rd2+ Kc3 46. Ne4+ Kc4 47. Nxf6 Bxb5
48. Nxh5 Kb3+ 49. Kg1 Ba5 50. Bg3 Bxd2 51. Bxb8 c4 52. Nf4 c3 0-1

[Event "ch-CHN 2017"]
[Site "Xinghua CHN"]
[Date "2017.04.25"]
[Round "3.3"]
[White "Xu, Minghui"]
[Black "Wang, Chen"]
[Result "1/2-1/2"]
[BlackTitle "IM"]
[WhiteElo "2283"]
[BlackElo "2505"]
[WhiteFideId "8606790"]
[BlackFideId "8601020"]
[EventDate "2017.04.23"]

1. d4 Nf6 2. c4 e6 3. g3 d5 4. Bg2 g6 5. Nf3 Bg7 6. O-O O-O 7. Nc3 Ne4 8. Qc2 f5
9. Rd1 c6 10. Rb1 Nd7 11. b4 Nb6 12. c5 Nc4 13. a4 b6 14. e3 bxc5 15. bxc5 Ba6
16. Bf1 Rb8 17. Rxb8 Qxb8 18. Nxe4 fxe4 19. Ng5 Qb4 20. Nxe6 Rb8 21. Bd2 Qb2 22.
Qxb2 Rxb2 23. Bc3 Rc2 24. Be1 Bc8 25. Nd8 Bd7 26. Rb1 Nb2 27. a5 Bf6 28. Nb7 Nd3
29. Rd1 Bg4 30. Bxd3 Bxd1 31. Bxc2 Bxc2 1/2-1/2

[Event "ch-CHN 2017"]
[Site "Xinghua CHN"]
[Date "2017.04.25"]
[Round "3.6"]
[White "Gao, Rui"]
[Black "Fang, Yan"]
[Result "1-0"]
[WhiteTitle "GM"]
[WhiteElo "2543"]
[BlackElo "2447"]
[WhiteFideId "8602387"]
[BlackFideId "8604746"]
[EventDate "2017.04.23"]

1. e4 d5 2. exd5 Qxd5 3. Nc3 Qa5 4. d4 e5 5. Qe2 Nc6 6. d5 Bb4 7. dxc6 Bxc3+ 8.
bxc3 Qxc3+ 9. Qd2 Qxa1 10. Bb5 b6 11. Nf3 Ne7 12. O-O Qxa2 13. Nxe5 Be6 14. Qg5
h6 15. Qh5 Qd5 16. Bc4 g6 17. Qe2 Qd6 18. Re1 O-O 19. Bb2 Rfe8 20. Rd1 Bxc4 21.
Nxc4 Nxc6 22. Ne3 Qe6 23. Qf3 Rad8 24. Re1 Ne5 25. Qf4 Nc4 26. Bc3 Nxe3 27. Qxh6
f6 28. Qxg6+ Kf8 29. Qh6+ Ke7 30. Qg7+ Kd6 31. Rxe3 Qf5 32. Rf3 Kc6 33. h4 Qxc2
34. Bxf6 Rd7 35. Qg4 Rd1+ 36. Kh2 Kb7 37. Rc3 Qd2 38. Rf3 Qc1 39. Rc3 Rh1+ 40.
Kg3 Qg1 41. Qf3+ Kb8 42. Bg5 Qe1 43. Qc6 Qe5+ 44. f4 Qe1+ 45. Kg4 Qe2+ 46. Qf3
a5 47. Qxe2 Rxe2 48. g3 a4 49. f5 b5 50. f6 Rf1 51. Bf4 Re8 52. Rc5 Kb7 53.
Rxb5+ Ka6 54. Rb2 Ra1 55. Bh6 a3 56. Rf2 Re4+ 57. Kh5 1-0

[Event "ch-CHN 2017"]
[Site "Xinghua CHN"]
[Date "2017.04.26"]
[Round "4.2"]
[White "Xu, Yinglun"]
[Black "Gao, Rui"]
[Result "1/2-1/2"]
[BlackTitle "GM"]
[WhiteElo "2557"]
[BlackElo "2543"]
[WhiteFideId "8604940"]
[BlackFideId "8602387"]
[EventDate "2017.04.23"]

1. Nf3 d5 2. d4 Nf6 3. c4 c6 4. e3 e6 5. Bd3 Nbd7 6. b3 Bd6 7. Bb2 O-O 8. O-O b6
9. Nc3 Bb7 10. Re1 Qe7 11. e4 dxe4 12. Nxe4 Ba3 13. Bc3 a5 14. Re2 Bb4 15. Bb2
Ba3 16. Bxa3 Qxa3 17. Nc3 Qd6 18. Qd2 Rad8 19. Rd1 c5 20. d5 exd5 21. cxd5 Rfe8
22. Bc4 Rxe2 23. Qxe2 Re8 24. Qd3 Ne5 25. Nxe5 Qxe5 26. h3 h6 27. Bb5 Rd8 28. d6
Qe6 29. Bc4 Qe8 30. Bd5 Bc6 31. Bxc6 Qxc6 32. a4 1/2-1/2

[Event "ch-CHN 2017"]
[Site "Xinghua CHN"]
[Date "2017.04.26"]
[Round "4.4"]
[White "Wang, Chen"]
[Black "Lu, Shanglei"]
[Result "1/2-1/2"]
[WhiteTitle "IM"]
[BlackTitle "GM"]
[WhiteElo "2505"]
[BlackElo "2620"]
[WhiteFideId "8601020"]
[BlackFideId "8603332"]
[EventDate "2017.04.23"]

1. e4 c5 2. Nf3 d6 3. Bb5+ Bd7 4. Bxd7+ Qxd7 5. O-O g6 6. c3 Nf6 7. Re1 Nc6 8.
d4 cxd4 9. cxd4 d5 10. e5 Ne4 11. Nbd2 Nxd2 12. Bxd2 Bg7 13. Qb3 O-O 14. Rac1
Rfc8 15. Qd3 Nd8 16. g3 Rxc1 17. Rxc1 Rc8 18. b3 Rxc1+ 19. Bxc1 Qc6 20. Ba3 Bf8
21. Kg2 a6 22. h4 h5 23. Ng1 e6 24. Bxf8 Kxf8 25. Ne2 Ke7 26. Kf3 Ke8 27. Ke3
Kd7 28. Kd2 Qc8 29. Qc3 Nc6 30. Qc5 Qb8 1/2-1/2

[Event "ch-CHN 2017"]
[Site "Xinghua CHN"]
[Date "2017.04.26"]
[Round "4.6"]
[White "Bai, Jinshi"]
[Black "Xu, Yi"]
[Result "1/2-1/2"]
[WhiteTitle "GM"]
[BlackTitle "IM"]
[WhiteElo "2585"]
[BlackElo "2454"]
[WhiteFideId "8602280"]
[BlackFideId "8605564"]
[EventDate "2017.04.23"]

1. d4 Nf6 2. c4 e6 3. Nf3 d5 4. Nc3 Bb4 5. Qa4+ Nc6 6. e3 O-O 7. Bd2 dxc4 8.
Bxc4 Bd6 9. Qc2 e5 10. dxe5 Nxe5 11. Nxe5 Bxe5 12. O-O-O Qe7 13. f3 Be6 14. Bxe6
Qxe6 15. Kb1 Rfd8 16. e4 Rd7 17. Be3 Rad8 18. Ne2 Rxd1+ 19. Rxd1 Rxd1+ 20. Qxd1
Qd6 21. Qxd6 Bxd6 22. Bxa7 b6 23. a4 Kf8 24. a5 bxa5 25. h3 Nd7 26. Bd4 g6 27.
b3 Ke7 28. Kc2 Bc5 29. Bb2 Kd6 30. Nf4 Kc6 31. Nd5 Bd6 1/2-1/2

[Event "ch-CHN 2017"]
[Site "Xinghua CHN"]
[Date "2017.04.27"]
[Round "5.1"]
[White "Xu, Yi"]
[Black "Zhou, Jianchao"]
[Result "1/2-1/2"]
[WhiteTitle "IM"]
[BlackTitle "GM"]
[WhiteElo "2454"]
[BlackElo "2613"]
[WhiteFideId "8605564"]
[BlackFideId "8603537"]
[EventDate "2017.04.23"]

1. e4 c5 2. Nf3 d6 3. d4 cxd4 4. Nxd4 Nf6 5. Nc3 a6 6. Be3 Ng4 7. Bc1 Nf6 8. Be3
Ng4 9. Bc1 Nf6 10. Be3 Ng4 11. Bc1 Nf6 12. Be3 Ng4 13. Bc1 Nf6 14. Be3 Ng4 15.
Bc1 Nf6 16. Be3 Ng4 1/2-1/2

[Event "ch-CHN 2017"]
[Site "Xinghua CHN"]
[Date "2017.04.27"]
[Round "5.2"]
[White "Xu, Minghui"]
[Black "Bai, Jinshi"]
[Result "1/2-1/2"]
[BlackTitle "GM"]
[WhiteElo "2283"]
[BlackElo "2585"]
[WhiteFideId "8606790"]
[BlackFideId "8602280"]
[EventDate "2017.04.23"]

1. d4 Nf6 2. c4 g6 3. Nc3 d5 4. Bf4 Bg7 5. e3 O-O 6. Rc1 c5 7. dxc5 Be6 8. Nf3
Nc6 9. Be2 Ne4 10. Nd4 Nxd4 11. exd4 Nxc3 12. bxc3 dxc4 13. Bf3 Bd5 14. O-O Qd7
15. Re1 Rfe8 16. Be5 f6 17. Bxd5+ Qxd5 18. Bf4 b6 19. cxb6 axb6 20. a4 e5 21.
dxe5 Qxd1 22. Rexd1 Rxa4 23. Be3 b5 24. exf6 Bxf6 25. Rd5 b4 26. cxb4 Bb2 27.
Rcd1 c3 28. Rc5 Rxb4 29. Kf1 Rb7 30. Ke2 Ra8 31. Rd4 h5 32. Rdc4 Rd8 33. Rc7 Rd7 1/2-1/2

[Event "ch-CHN 2017"]
[Site "Xinghua CHN"]
[Date "2017.04.27"]
[Round "5.3"]
[White "Lu, Shanglei"]
[Black "Wen, Yang"]
[Result "1/2-1/2"]
[WhiteTitle "GM"]
[BlackTitle "GM"]
[WhiteElo "2620"]
[BlackElo "2613"]
[WhiteFideId "8603332"]
[BlackFideId "8602956"]
[EventDate "2017.04.23"]

1. e4 e5 2. Nf3 Nc6 3. Bb5 Nf6 4. d3 Bc5 5. Bxc6 dxc6 6. O-O Bd6 7. Nbd2 Be6 8.
b3 Nd7 9. Nc4 Bxc4 10. bxc4 O-O 11. Rb1 b6 12. Bg5 Be7 13. Bd2 Bd6 14. Bg5 Be7
15. Bc1 Bd6 16. Bg5 Be7 17. Bd2 Bd6 18. Bg5 1/2-1/2

[Event "ch-CHN 2017"]
[Site "Xinghua CHN"]
[Date "2017.04.27"]
[Round "5.4"]
[White "Zeng, Chongsheng"]
[Black "Wang, Chen"]
[Result "0-1"]
[WhiteTitle "GM"]
[BlackTitle "IM"]
[WhiteElo "2536"]
[BlackElo "2505"]
[WhiteFideId "8603847"]
[BlackFideId "8601020"]
[EventDate "2017.04.23"]

1. e4 c5 2. Nf3 e6 3. d4 cxd4 4. Nxd4 a6 5. Nc3 Qc7 6. Qf3 b5 7. Qg3 d6 8. a3
Bb7 9. Bd3 Nf6 10. O-O Nbd7 11. Bd2 h5 12. Rae1 Ne5 13. Nf3 Nfd7 14. Nxe5 dxe5
15. Rc1 h4 16. Qg4 g6 17. Nd1 Rd8 18. Qe2 Nc5 19. f3 Qb6 20. Be3 Bh6 21. b4
Bxe3+ 22. Qxe3 Na4 23. Qxb6 Nxb6 24. Nb2 Ke7 25. Kf2 f5 26. Ke3 Rd7 27. Rfd1 Rc8
28. c3 Rdc7 29. Kd2 Rd8 30. Kc2 Rdc8 31. Kb3 Bc6 32. Bb1 Bb7 33. Bd3 Bc6 34. Re1
Kf6 35. g3 hxg3 36. hxg3 Rd8 37. Kc2 Rh7 38. Re2 Rh3 39. Rg1 g5 40. Nd1 g4 41.
fxg4 fxe4 42. Rf2+ Kg5 43. Bf1 Rh7 44. Ne3 Nd5 45. Re2 Rf7 46. Rh1 Nxe3+ 47.
Rxe3 Rf3 48. Re1 e3 49. Rh5+ Kf6 50. Rh6+ Kg7 51. Rxe6 Be4+ 52. Kc1 Rf2 53. Be2
Rd2 54. Rxe5 Rc2+ 55. Kd1 Rd2+ 56. Kc1 Rc2+ 57. Kd1 Rcxe2 58. Rg5+ Kh6 0-1

[Event "ch-CHN 2017"]
[Site "Xinghua CHN"]
[Date "2017.04.27"]
[Round "5.6"]
[White "Fang, Yan"]
[Black "Xu, Yinglun"]
[Result "1/2-1/2"]
[WhiteElo "2447"]
[BlackElo "2557"]
[WhiteFideId "8604746"]
[BlackFideId "8604940"]
[EventDate "2017.04.23"]

1. e4 c5 2. Nf3 d6 3. Nc3 Nf6 4. e5 dxe5 5. Nxe5 a6 6. Be2 e6 7. Bf3 Qc7 8. Qe2
Bd6 9. Nc4 Nc6 10. Bxc6+ Qxc6 11. Nxd6+ Qxd6 12. d3 h6 13. Ne4 Nxe4 14. Qxe4 O-O
15. Bf4 Qd5 16. Qxd5 exd5 17. Bd6 Re8+ 18. Kd2 c4 19. Rhe1 Bd7 20. Rxe8+ Rxe8
21. Re1 Rxe1 22. Kxe1 f6 23. Kd2 Kf7 24. Ke3 Ke6 25. Bf8 Kf7 26. Bd6 Ke6 27. Bf8
Kf7 28. Bd6 Ke6 29. Bf8 Kf7 30. Bd6 Ke6 1/2-1/2

[Event "ch-CHN 2017"]
[Site "Xinghua CHN"]
[Date "2017.04.28"]
[Round "6.1"]
[White "Zhou, Jianchao"]
[Black "Xu, Yinglun"]
[Result "1/2-1/2"]
[WhiteTitle "GM"]
[WhiteElo "2613"]
[BlackElo "2557"]
[WhiteFideId "8603537"]
[BlackFideId "8604940"]
[EventDate "2017.04.23"]

1. d4 d5 2. c4 e6 3. Nc3 Be7 4. Bf4 Nf6 5. e3 O-O 6. Nf3 b6 7. Bd3 c5 8. O-O Nc6
9. dxc5 bxc5 10. cxd5 exd5 11. Ne5 Nxe5 12. Bxe5 Be6 13. Qc2 g6 14. Rfd1 Bd6 15.
Bxd6 Qxd6 16. Be2 Rac8 17. Qa4 Qb6 18. Rd2 Rfd8 19. Rad1 Kg7 20. Qb5 Qxb5 21.
Bxb5 Rb8 22. b3 Rdc8 23. Be2 Rb4 24. h3 a5 25. Bf3 Ne4 26. Bxe4 dxe4 27. Nd5
Bxd5 28. Rxd5 a4 29. Rc1 axb3 30. axb3 Rxb3 31. Rdxc5 Rxc5 32. Rxc5 h5 1/2-1/2

[Event "ch-CHN 2017"]
[Site "Xinghua CHN"]
[Date "2017.04.28"]
[Round "6.3"]
[White "Wang, Chen"]
[Black "Gao, Rui"]
[Result "1/2-1/2"]
[WhiteTitle "IM"]
[BlackTitle "GM"]
[WhiteElo "2505"]
[BlackElo "2543"]
[WhiteFideId "8601020"]
[BlackFideId "8602387"]
[EventDate "2017.04.23"]

1. e4 e5 2. Nf3 Nc6 3. Nc3 Nf6 4. d4 Bb4 5. Nxe5 Qe7 6. Nxc6 Qxe4+ 7. Qe2 dxc6
8. Bd2 Qxe2+ 9. Bxe2 Bf5 10. O-O-O O-O-O 11. a3 Bxc3 12. Bxc3 Rhe8 13. Rhe1 Ne4
14. Bd3 Bg6 15. Bxe4 Rxe4 16. Rxe4 Bxe4 17. f3 Bg6 18. Re1 f6 19. Re7 Rd7 20.
Rxd7 Kxd7 21. Be1 h5 22. Kd2 Bf5 23. h3 g5 24. g4 hxg4 25. hxg4 Bg6 26. Bf2 a6
27. Be3 Ke6 28. f4 gxf4 29. Bxf4 Be4 30. g5 fxg5 31. Bxg5 Kd7 1/2-1/2